Mean-field magnetohydrodynamics and dynamo theory (Record no. 6875)

MARC details
000 -LEADER
fixed length control field 00557nam a2200193Ia 4500
003 - CONTROL NUMBER IDENTIFIER
control field IN-BaIIA
008 - FIXED-LENGTH DATA ELEMENTS--GENERAL INFORMATION
fixed length control field 211028s9999 xx 000 0 eng d
020 ## - INTERNATIONAL STANDARD BOOK NUMBER
International Standard Book Number 0-08-025041-6
040 ## - CATALOGING SOURCE
Transcribing agency IIA Library
080 ## - UNIVERSAL DECIMAL CLASSIFICATION NUMBER
Universal Decimal Classification number 538
Item number KRA
100 ## - MAIN ENTRY--PERSONAL NAME
Personal name Krause, F
9 (RLIN) 11780
245 #0 - TITLE STATEMENT
Title Mean-field magnetohydrodynamics and dynamo theory
Statement of responsibility, etc. F. Krause and K. H. Radler
260 ## - PUBLICATION, DISTRIBUTION, ETC.
Place of publication, distribution, etc. Oxford
Name of publisher, distributor, etc. Pergamon Press
Date of publication, distribution, etc. 1980
300 ## - PHYSICAL DESCRIPTION
Extent 271p.
650 ## - SUBJECT ADDED ENTRY--TOPICAL TERM
Topical term or geographic name entry element Astronomy and astrophysics thesaurus
650 ## - SUBJECT ADDED ENTRY--TOPICAL TERM
Topical term or geographic name entry element Magnetohydrodynamics
9 (RLIN) 1666
700 ## - ADDED ENTRY--PERSONAL NAME
Personal name Radler, K. H.
9 (RLIN) 11781
942 ## - ADDED ENTRY ELEMENTS (KOHA)
Koha item type Books
Holdings
Withdrawn status Lost status Damaged status Not for loan Home library Current library Shelving location Date acquired Total Checkouts Full call number Barcode Date last seen Price effective from Koha item type Purchase Price
        IIA Library-Bangalore IIA Library-Bangalore General Stacks 12/10/1981   538/ KRA 7641 05/11/2021 12/10/1981 Books 36

Powered by Koha